British Open Snooker Winners - Statistics

General Stats
  • This quiz has been taken 8 times
  • The average score is 22 of 31
Answer Stats
Year Country Winner % Correct
1980 Northern Ireland Alex Higgins
100%
2004 Scotland John Higgins
100%
2001 Scotland John Higgins
100%
1998 Scotland John Higgins
100%
1995 Scotland John Higgins
100%
2023 Wales Mark Williams
86%
2021 Wales Mark Williams
86%
1997 Wales Mark Williams
86%
1983 Wales Ray Reardon
86%
1994 England Ronnie O'Sullivan
86%
2003 Scotland Stephen Hendry
86%
1999 (Sep) Scotland Stephen Hendry
86%
1991 Scotland Stephen Hendry
86%
1988 Scotland Stephen Hendry
86%
1993 England Steve Davis
86%
1986 England Steve Davis
86%
1984 England Steve Davis
86%
1982 England Steve Davis
86%
1981 England Steve Davis
86%
1992 England Jimmy White
57%
1987 England Jimmy White
57%
2000 England Peter Ebdon
57%
2025 England Shaun Murphy
57%
2024 England Mark Selby
43%
1996 England Nigel Bond
43%
2002 England Paul Hunter
43%
1990 Canada Bob Chaperon
29%
1999 (Apr) Ireland Fergal O'Brien
29%
2022 Wales Ryan Day
29%
1985 South Africa Silvino Francisco
29%
1989 England Tony Meo
14%
No matching quizzes found
Score Distribution
Percent of People with Each Score
Percentile by Number Answered
Your Score History
You have not taken this quiz